Peasant Economics : (Record no. 13882)
[ view plain ]
| 000 -LEADER | |
|---|---|
| fixed length control field | 01326nam a22002537a 4500 |
| 008 - FIXED-LENGTH DATA ELEMENTS--GENERAL INFORMATION | |
| fixed length control field | 100413t1993 xxu||||| |||| 00| 0 eng d |
| 082 ## - DEWEY DECIMAL CLASSIFICATION NUMBER | |
| Edition number | 20 |
| Classification number | 330.91724 |
| Item number | ELL |
| 100 1# - MAIN ENTRY--PERSONAL NAME | |
| Personal name | Ellis, Frank, |
| Dates associated with a name | 1947- |
| 9 (RLIN) | 13483 |
| 245 ## - TITLE STATEMENT | |
| Title | Peasant Economics : |
| Remainder of title | Farm Households and Agrarian Development / |
| Statement of responsibility, etc | Frank Ellis. |
| 250 ## - EDITION STATEMENT | |
| Edition statement | 2nd ed. |
| 260 ## - PUBLICATION, DISTRIBUTION, ETC. (IMPRINT) | |
| Place of publication, distribution, etc | Cambridge : |
| Name of publisher, distributor, etc | Cambridge University Press, |
| Date of publication, distribution, etc | c1993. |
| 300 ## - PHYSICAL DESCRIPTION | |
| Extent | xviii, 309 p. : |
| Other physical details | ill. ; |
| Dimensions | 23cm. |
| 490 #0 - Series Statement | |
| Series statement | ( Wye studies in agricultural and rural development) |
| 500 ## - GENERAL NOTE | |
| General note | Previous ed.: 1988. |
| 504 ## - BIBLIOGRAPHY, ETC. NOTE | |
| Bibliography, etc | Includes bibliographical references and index. |
| 650 #0 - SUBJECT ADDED ENTRY--TOPICAL TERM | |
| Topical term or geographic name as entry element | Peasants |
| General subdivision | Developing countries |
| -- | Economic conditions. |
| 9 (RLIN) | 13484 |
| 650 #0 - SUBJECT ADDED ENTRY--TOPICAL TERM | |
| Topical term or geographic name as entry element | Peasants |
| General subdivision | Developing countries |
| -- | Social conditions. |
| 9 (RLIN) | 13485 |
| 650 #0 - SUBJECT ADDED ENTRY--TOPICAL TERM | |
| Topical term or geographic name as entry element | Quality of life |
| General subdivision | Developing countries. |
| 9 (RLIN) | 13486 |
| 650 #0 - SUBJECT ADDED ENTRY--TOPICAL TERM | |
| Topical term or geographic name as entry element | Developing countries |
| General subdivision | Rural conditions. |
| 9 (RLIN) | 13487 |
| 942 ## - ADDED ENTRY ELEMENTS (KOHA) | |
| Source of classification or shelving scheme | Dewey Decimal Classification |
| Item type | Book - Borrowing |
| Withdrawn status | Item status | Source of classification or shelving scheme | Damaged status | Not for loan | Vendor | Home library | Current library | Shelving location | Date acquired | Source of acquisition | Total Checkouts | Total Renewals | Full call number | Barcode | Date last seen | Date last borrowed | Koha item type | Public note |
|---|---|---|---|---|---|---|---|---|---|---|---|---|---|---|---|---|---|---|
| Dewey Decimal Classification | Baccah | Central Library | Central Library | First floor | 13/04/2010 | 1 | 1 | 330.91724 ELL | 000020615 | 15/07/2025 | 19/10/2015 | Book - Borrowing | ||||||
| Dewey Decimal Classification | Baccah | Central Library | Central Library | First floor | 13/04/2010 | Purchase | 2 | 330.91724 ELL | 000057120 | 15/07/2025 | 31/07/2019 | Book - Borrowing | Replaced with 000020616 | |||||
| Dewey Decimal Classification | Baccah | Central Library | Central Library | First floor | 13/04/2010 | 330.91724 ELL | 000020617 | 15/07/2025 | Book - Borrowing |